Agroforestry-Indian perspective/ (Record no. 10442)

MARC details
000 -LEADER
fixed length control field 00759 a2200217 4500
010 ## - LIBRARY OF CONGRESS CONTROL NUMBER
LC control number ENG-89307
020 ## - INTERNATIONAL STANDARD BOOK NUMBER
International Standard Book Number 8131303436
Terms of availability 795.00
035 ## - SYSTEM CONTROL NUMBER
System control number EN-72840
037 ## - SOURCE OF ACQUISITION
Source of stock number/acquisition D.B.Act / Pub
082 14 - DEWEY DECIMAL CLASSIFICATION NUMBER
Classification number 634.99
090 ## - LOCALLY ASSIGNED LC-TYPE CALL NUMBER (OCLC); LOCAL CALL NUMBER (OCLC)
-- 10737
-- 10737
245 1# - TITLE STATEMENT
Title Agroforestry-Indian perspective/
Statement of responsibility, etc edited by L.K. Jha and P.K, Sen Sarma
260 ## - PUBLICATION, DISTRIBUTION, ETC. (IMPRINT)
Place of publication, distribution, etc New Delhi
Name of publisher, distributor, etc APH Publishing Corporation
Date of publication, distribution, etc 2008
270 ## - ADDRESS
Address 4435-36/7, Ansari Road, Darya Ganj,
City New Delhi
State or province Delhi
Postal code 110002
Telephone number 23274050
Electronic mail address aphbook@vsnl.net
300 ## - PHYSICAL DESCRIPTION
Extent x, 341 p.
Dimensions 23 cm (Hb)
500 ## - GENERAL NOTE
General note Includes index
700 1# - ADDED ENTRY--PERSONAL NAME
Personal name Jha, L. K.
700 1# - ADDED ENTRY--PERSONAL NAME
Personal name Sen Sarma, P. K.
942 ## - ADDED ENTRY ELEMENTS (KOHA)
Institution code [OBSOLETE] dpl
Koha item type English Books
Call number prefix 634.99 / AGR
Holdings
Withdrawn status Lost status Source of classification or shelving scheme Damaged status Not for loan Collection code Home library Current library Source of acquisition Cost, normal purchase price Total Checkouts Full call number Barcode Date last seen Copy number Uniform Resource Identifier Cost, replacement price Price effective from Koha item type
    Dewey Decimal Classification   Not For Loan Non-fiction D.B.Act.Division D.B.Act.Division DBAD/PUB 795.00   634.99 AGR EN-72840 15/09/2008 1 11499 795.00 15/09/2008 English Books

© Delhi Public Library
Hit Counter
free hit counter